Teoría clásica de campos

Guardat en:
Dades bibliogràfiques
Autor principal: Landau, Lev Davidovich (Autor)
Altres autors: Lifshitz, Eugenii Mikhailovich (autor)
Format: Llibre
Idioma:espanyol
Publicat: Barcelona Reverté 1966
Col·lecció:Curso de Física Teórica, 2
Matèries:
Etiquetes: Afegir etiqueta
Sense etiquetes, Sigues el primer a etiquetar aquest registre!

MARC

LEADER 00000nam a2200000 a 4500
001 UCO8491
003 CL-VaPUC
008 001207e19660000SP |||||||||||||||||spa|d
082 0 4 |a 530.141  |b LAN  |2 21 
100 |a Landau, Lev Davidovich  |e author  |9 579218 
700 |a Lifshitz, Eugenii Mikhailovich  |e autor  |9 561317 
245 1 0 |a Teoría clásica de campos 
300 |a 467 p 
942 |c BK 
945 |d 20001207 00:00:00  |a cmena 
260 |a Barcelona  |b Reverté  |c 1966 
650 0 |a Teoría electromagnética  |9 260747 
650 7 |a CAMPOS ELECTROMAGNETICOS  |2 CL-VaPUC  |9 264139 
650 0 |a Teoría de la relatividad   |9 266149 
650 0 |a Ondas electromagnéticas  |9 354947 
650 7 |a PROPAGACION DE LUZ  |2 CL-VaPUC  |9 423824 
650 0 |a Radiación  |9 259874 
650 7 |a CAMPOS GRAVITATORIOS  |2 CL-VaPUC  |9 370980 
583 |a last modification  |c 20001207 00:00:00  |k Rodrigo Vera 
490 0 |a Curso de Física Teórica, 2 
999 |c 293108  |d 293106 
952 |0 0  |1 0  |4 0  |6 530_141000000000000_LAN_1966  |7 0  |8 A  |9 344301  |a BIBCUR  |b BIBCUR  |d 2019-11-20  |i 3581535  |l 4  |o 530.141 LAN 1966  |p 3581535  |r 2025-04-22  |s 2024-09-10  |w 2019-11-20  |y BK  |k BCB